Clic les noms des cathédrales françaises actuelles - Statistiques

Statistiques générales
  • Ce quiz a été pris 21 fois
  • Le résultat moyen est 10 sur 105
Statistiques - réponses
Hint Réponse % Correct
Albi Sainte-Cécile
62%
Paris Notre-Dame
54%
Amiens Notre-Dame
38%
Reims Notre-Dame
38%
Paris (armées) Saint-Louis-des-Invalides
38%
Chartres Notre-Dame
31%
Rodez Notre-Dame
31%
Tulle Notre-Dame
31%
Coutances Notre-Dame
23%
Dax Notre-Dame
23%
Evreux Notre-Dame
23%
Grenoble Notre-Dame
23%
Le Havre Notre-Dame
23%
Papeete Notre-Dame
23%
Strasbourg Notre-Dame
23%
Taiohae Notre-Dame
23%
Verdun Notre-Dame
23%
Saint-Denis (93) Saint-Denis
23%
Versailles Saint-Louis
23%
Angers Saint-Maurice
23%
Bayeux Notre-Dame
15%
Créteil Notre-Dame
15%
Sées Notre-Dame
15%
Basse-Terre Notre-Dame-de-Guadeloupe
15%
Lille Notre-Dame-de-la-Treille
15%
Avignon Notre-Dame-des-Doms
15%
Dijon Saint-Bénigne
15%
Quimper Saint-Corentin
15%
Saint-Dié-des-Vosges Saint-Dié
15%
Marseille Sainte-Marie-Majeure
15%
Metz Saint-Etienne
15%
Toulouse Saint-Etienne
15%
Le Mans Saint-Julien
15%
Montpellier Saint-Pierre
15%
Evry de la Résurrection
8%
Moulins Notre-Dame-de-l'Annonciation
8%
Ajaccio Notre-Dame-de-l'Assomption
8%
Clermont-Ferrand Notre-Dame-de-l'Assomption
8%
Montauban Notre-Dame-de-l'Assomption
8%
Rouen Notre-Dame-de-l'Assomption
8%
Nîmes Notre-Dame-et-Saint-Castor
8%
Bordeaux Saint-André
8%
Agen Saint-Caprais
8%
Saint-Etienne Saint-Charles-Borromée
8%
Nevers Saint-Cyr-et-Sainte-Julitte
8%
Saint-Denis (Réunion) Saint-Denis
8%
Bourges Saint-Etienne
8%
Périgueux Saint-Front
8%
Tours Saint-Gatien
8%
Lyon Saint-Jean
8%
Autun Saint-Lazare
8%
Angoulême Saint-Pierre
8%
Nantes Saint-Pierre-et-Saint-Paul
8%
Aix-en-Provence Saint-Sauveur
8%
Cambrai Notre-Dame-de-Grâce
0%
Nancy Notre-Dame-de-l'Annonciation
0%
Le Puy-et-Velay Notre-Dame-de-l'Annonciation
0%
Tarbes Notre-Dame-de-la-Sède
0%
Luçon Notre-Dame-de-l'Assomption
0%
Mate-Utu Notre-Dame-de-l'Assomption
0%
Gap Notre-Dame-et-Saint-Arnoux
0%
Pontigny Notre-Dame-et-Saint-Edme
0%
Mende Notre-Dame-et-Saint-Privat
0%
Arras Notre-Dame-et-Saint-Vaast
0%
Pamiers Saint-Antonin
0%
Valence Saint-Apollinaire
0%
Belfort Saint-Christophe
0%
Orléans Sainte-Croix
0%
Nanterre Sainte-Geneviève-et-Saint-Maurice
0%
Auch Sainte-Marie
0%
Bayonne Sainte-Marie
0%
Toulon Sainte-Marie-de-la-Seds
0%
Nice Sainte-Réparate
0%
Cahors Saint-Etienne
0%
Châlons-en-Champagne Saint-Etienne
0%
Limoges Saint-Etienne
0%
Meaux Saint-Etienne
0%
Saint-Brieuc Saint-Etienne
0%
Sens Saint-Etienne
0%
Laval Sainte-Trinité
0%
Chambéry Saint-François-de-Sales
0%
Soissons Saint-Gervais-et-Saint-Protais
0%
Besançon Saint-Jean
0%
Belley Saint-Jean-Baptiste
0%
Perpignan Saint-Jean-Baptiste
0%
Saint-Jean-de-Maurienne Saint-Jean-Baptiste
0%
Digne-les-Bains Saint-Jérôme
0%
Nouméa Saint-Joseph
0%
Blois Saint-Louis
0%
Fort-de-France Saint-Louis
0%
La Rochelle Saint-Louis
0%
Pontoise Saint-Maclou
0%
Langres Saint-Mammès
0%
Carcassonne Saint-Michel
0%
Annecy Saint-Pierre
0%
Beauvais Saint-Pierre
0%
Moûtiers Saint-Pierre
0%
Poitiers Saint-Pierre
0%
Rennes Saint-Pierre
0%
Saint-Flour Saint-Pierre
0%
Vannes Saint-Pierre
0%
Troyes Saint-Pierre-et-Saint-Paul
0%
Saint-Claude Saint-Pierre, Saint-Paul et Saint-André
0%
Cayenne Saint-Sauveur
0%
Viviers Saint-Vincent
0%
Aucun quiz correspondant
Distribution des résultats
% des personnes avec chaque résultat
Percentile par nombre de réponses
Votre historique - résultats
Vous n’avez pas pris ce quiz